| 000 | 00621nam a2200193Ia 4500 | ||
|---|---|---|---|
| 003 | GCL | ||
| 008 | 140319s9999 xx 000 0 ara d | ||
| 040 |
_aGCL / _cGCL |
||
| 082 | 0 | 4 |
_aد _b011 _bم ف |
| 100 | 1 | _aمحمد غنيمى هلال | |
| 245 | 1 | 0 |
_aالفكر المعاصر (هدية من الاديب عبدالفتاح الجمل) / _cمحمد غنيمى هلال |
| 300 | _aمتعدد | ||
| 490 |
_aماذا اعرف _v0 |
||
| 650 | 0 | 4 | _aالعمل والعمال |
| 650 | 0 | 4 | _aالثقافة الجماهيرية |
| 650 | 0 | 4 | _aالعمل |
| 650 | 0 | 4 | _aالشئون الاجتماعية |
| 942 |
_2ddc _cCF |
||
| 999 |
_c27126 _d27126 |
||